000 00333 a2200157 4500
001 64134
020 _a9788564305335
040 _cAnchieta - Pituba
100 _aVieira, Isabel
240 1 0 _aClique para zoar
_lpor
245 1 0 _aClique para zoar
300 _a79
362 0 _a2012
650 4 _aLiteratura juvenil
942 _cBK
999 _c64134
_d64134